000 01363cam a22003134a 4500
001 15385946
005 20090901071419.0
008 080728s2009 ne a bf 001 0 eng
010 _a 2008033305
020 _a0240812735
020 _a9780240812731
035 _a(OCoLC)237048065
035 _a(OCoLC)ocn237048065
040 _aDLC
_cDLC
_dBAKER
_dC#P
_dYDXCP
_dBWX
_dCDX
_dIXA
_dDLC
050 0 0 _aTK7881.4
_b.A9235 2009
082 0 0 _a621.3893
_222
_bAUD
245 0 0 _aAudio Engineering Explained /
_cedited by Douglas Self.
260 _aOxford :
_bFocal Press /Elsevier, 2009
_cc2009.
300 _axvii, 907 p. :
_bill. ;
_c24 cm.
504 _aIncludes bibliographical references and index.
650 0 _aSound
_xRecording and reproducing
_vHandbooks, manuals, etc.
_923346
650 0 _aSound
_xRecording and reproducing
_xDigital techniques
_vHandbooks, manuals, etc.
_923347
653 _bEle
_cApril2011
700 1 _aSelf, Douglas.
_923348
856 4 1 _3Table of contents only
_uhttp://www.loc.gov/catdir/toc/ecip0824/2008033305.html
942 _2ddc
_cBB
999 _c15182
_d15182